LEADER 01781nam2 2200457 450 001 000021621 005 20081002114306.0 100 $a20080605d1964----km-y0itaa50------ba 101 0 $aita 102 $aIT 200 1 $a<> mondo creato$a<> rogo amoroso$aGenealogia della serenissima casa Gonzaga$a<> lagrime della beata Vergine$a<> lagrime di Cristo$aDialoghi$fTorquato Tasso 210 $aMilano$cRizzoli$d1964 215 $a944 p., [4] c. di tav.$cill., 1 ritr.$d20 cm. 225 2 $a<> Classici Rizzoli 410 1$12001$a<> Classici Rizzoli 423 1$a<> rogo amoroso 423 1$aGenealogia della serenissima casa Gonzaga 423 1$a<> lagrime della beata Vergine 423 1$a<> lagrime di Cristo 423 1$aDialoghi 461 1$1001000021619$12001$aOpere$v4. 516 1 $aOpere varie ; Dialoghi 676 $a851.4$v(21. ed.)$9Poesia italiana. 1542-1585 700 1$aTasso,$bTorquato$f<1544-1595>$0158668 801 0$aIT$bUniversità della Basilicata - B.I.A.$gRICA$2unimarc 912 $a000021621 996 $aDialoghi$988477 996 $aRogo amoroso$988796 996 $aGenealogia della serenissima casa Gonzaga$988797 996 $aLagrime di Cristo$988799 996 $aLagrime della beata Vergine$988798 996 $aMondo creato$988795 997 $aUNIBAS BAS $aLETTERE CAT $aSTD062$b01$c20080605$lBAS01$h1647 CAT $aSTD062$b01$c20080704$lBAS01$h1037 CAT $aTTM$b30$c20080930$lBAS01$h1306 CAT $aTTM$b30$c20081002$lBAS01$h1104 CAT $aTTM$b30$c20081002$lBAS01$h1143 FMT Z30 -1$lBAS01$LBAS01$mBOOK$1BASA1$APolo Storico-Umanistico$2GEN$BCollezione generale$3FP/94884 10B$694884$5L94884$820080605$f02$FPrestabile Generale$hvol. 4. LEADER 00944nam0 2200277 450 001 000001466 005 20181106141012.0 100 $a20000616d1987----km-y0itay50------ba 101 0 $aita 102 $aIT 200 1 $a<>struttura dell'economia della pesca in Italia$fGiovanni Cannata 210 $aRoma$c[s. n.]$d1987 215 $a176 p.$d25 cm 225 2 $aQuaderni Ise$v29 300 $aIn testa al front. : Libera università internazionale degli studi sociali, Istituto di studi economici 410 0$12001$aQuaderni Ise 610 1 $aPesca$aItalia$aAspetti socio-economici 610 1 $aPesca$aPolitica comunitaria 610 1 $aPesca$aProduzione$aItalia 676 $a338.372 700 1$aCannata,$bGiovanni$074234 801 0$aIT$bUNIPARTHENOPE$gRICA$2UNIMARC 912 $a000001466 951 $cNAVA4$a338.702/102$b33942$d20010329 996 $aStruttura dell'economia della pesca in Italia$91223139 997 $aUNIPARTHENOPE LEADER 01633oam 2200445Ia 450 001 9910698753303321 005 20090706124119.0 035 $a(CKB)5470000002396322 035 $a(OCoLC)321038105 035 $a(EXLCZ)995470000002396322 100 $a20090428d2009 ua 0 101 0 $aeng 135 $aurmn||||||||| 181 $ctxt$2rdacontent 182 $cc$2rdamedia 183 $acr$2rdacarrier 200 00$aUsing the advanced research version of the weather research and forecast model in support of ScanEagle unmanned aircraft system test flights$b[electronic resource] /$fby Jeffrey E. Passner ... [and others] 210 1$aWhite Sands Missile Range, NM :$cArmy Research Laboratory,$d[2009] 215 $avi, 34 pages $cdigital, PDF file 225 1 $aARL-TR ;$v4746 300 $aTitle from title screen (viewed July 6, 2009). 300 $a"March 2009." 320 $aIncludes bibliographical references (page 31). 606 $aMilitary meteorology$xComputer programs 606 $aWeather forecasting 606 $aTurbulence 606 $aFlight control 615 0$aMilitary meteorology$xComputer programs. 615 0$aWeather forecasting. 615 0$aTurbulence. 615 0$aFlight control. 701 $aPassner$b Jeffrey E$01390911 712 02$aU.S. Army Research Laboratory. 801 0$bDTICE 801 1$bDTICE 801 2$bGPO 906 $aBOOK 912 $a9910698753303321 996 $aUsing the advanced research version of the weather research and forecast model in support of ScanEagle unmanned aircraft system test flights$93469822 997 $aUNINA LEADER 02371nam0 22005413i 450 001 RMS1196719 005 20251003044345.0 010 $a8802018200 020 $aIT$b75-4084 100 $a20041123d1974 ||||0itac50 ba 101 | $aita 102 $ait 181 1$6z01$ai $bxxxe 182 1$6z01$an 183 1$6z01$anc$2RDAcarrier 200 1 $aOpere di Archimede$fa cura di Attilio Frajese 210 $aTorino$cUTET$d1974 215 $a638 p., [6] c. di tav.$cill.$d24 cm 225 | $aClassici della scienza$v19 410 0$1001CFI0109626$12001 $aClassici della scienza$v19 676 $a500$9SCIENZE PURE$v20 676 $a500$9SCIENZE NATURALI E MATEMATICA$v21 676 $a501$9SCIENZE PURE. FILOSOFIA E TEORIA$v20 676 $a509.2$9SCIENZE NATURALI E MATEMATICA. Persone$v21 676 $a510$9MATEMATICA$v21 676 $a510$9Matematica$v22 676 $a516$9Matematica. Geometria$v12 676 $a516.2$9CURVE ALGEBRICHE$v17 676 $a516.2$9GEOMETRIA EUCLIDEA$v19 676 $a516.2$9GEOMETRIA EUCLIDEA$v21 700 0$aArchimedes$3MILV055118$4070$02812 702 1$aFrajese$b, Attilio$3RAVV012488$4340 790 0$aArchimedes : Syracusanus$3UFIV121404$zArchimedes 790 0$aArchimede$3UFIV121405$zArchimedes 801 3$aIT$bIT-000000$c20041123 850 $aIT-BN0095 $aIT-SA0037 $aIT-NA0243 $aIT-AV0001 $aIT-AV0007 $aIT-SA0045 $aIT-NA0079 $aIT-NA0228 $aIT-BN0015 901 $bNAP AV$cSALA C $nSala consultazione 901 $bNAP AL$cCARUSO $n$ 901 $bNAP 67$cSALA B $nComprende monografie di vario argomento 901 $bNAP 42$cS. MODERNA$n$ 901 $bNAP DO$cCAVEAU $n$ 901 $bNAP BM$cOP. CONS. $n$ 912 $aRMS1196719 950 0$aBiblioteca Centralizzata di Ateneo$c14 v. (Alcuni in più tomi)$d 01COLL. ITA CLADSC$e 01AR 0070032575 VMA (0001 1 v. (Rist. 1988)$fB $h20250512$i20250512 950 0$aCentro Librario e Bibliotecario per la Diffusione della cultura$d 67SALA B B IV 9/2$e 67 0000108095 VMA A4 1 v.$fY $h20120702$i20120702 977 $a 01$a 42$a 67$a AL$a AV$a BM$a BN$a DO$a PB 996 $aClassici della scienza$954941 997 $aUNISANNIO